000 02320cab a22002655A 4500
001 ##L135153
008 061002e20060915xxk f v 000 0 eng d
035 _a(Sirsi) u135153
041 0 _aeng
245 0 0 _aEarl Cadogan and Cadogan Estates Limited v Michelle Francesco Sportelli and Lara-Lynn Victoria Lamont Sportelli and four other appeals
260 _c2006
520 _aLRA/50/2005, 15 September 2006. Concerns the determination of the correct deferment rate and the proper valuation of any hope value in two collective enfranchisement decisions. Two appeals against decisions of the London LVT were contested. The following matters were disputed: (a) the LVT's determination of a general deferment rate of 6% which excluded any hope value and (b) whether the Leasehold Reform, Housing and Urban Development Act 1993 excluded the hope value in valuing the reversion in a collective enfranchisement and if it was not excluded how the reversion should be valued. "Held": the issues were determined. A general deferment rate of 5% for flats and 4.75% for houses was applicable. On the true construction of Scheds 6 and 13 of the Act no account should be taken of any hope value or any marriage value (unless specifically provided) in valuing the landlord's interest. If these matters had to be taken into account then a lump sum should be applied to the reversion's value prior to the statutory marriage value apportionment relating to the unexpired length of the lease.
590 _aIKA031006, KA
650 2 4 _aEARL CADOGAN AND ANOTHER V SPORTELLI AND ANOTHER
650 2 4 _aARBIB V EARL CADOGAN
650 2 4 _aR V LANDS TRIBUNAL EX P SINCLAIR GARDENS INVESTMENTS (KENSINGTON ) LTD
650 2 4 _aSHEPHERD V TURNER
650 2 4 _aLEASEHOLD REFORM, HOUSING AND URBAN DEVELOPMENT ACT 1993 SCHED 13
650 2 4 _aLEASEHOLD REFORM, HOUSING AND URBAN DEVELOPMENT ACT 1993
650 2 4 _aLEASEHOLD REFORM, HOUSING AND URBAN DEVELOPMENT ACT 1993 SCHED 6
651 4 _aEngland and Wales
_y1543-
690 _aPROPERTY-RESIDENTIAL PROPERTY-LEASEHOLD RESIDENTIAL PROPERTY-RESIDENTIAL LANDLORD AND TENANT-RESIDENTIAL LEASES-RESIDENTIAL LEASEHOLD ENFRANCHISEMENT
856 4 0 _uhttps://www.landstribunal.gov.uk/aspx/view.aspx?id=395
_zView the judgment free of charge at www.landstribunal.gov.uk...
942 _n0
999 _c77807
_d77807